| 000 | 00444nam a2200193Ia 4500 | ||
|---|---|---|---|
| 008 | 170918s9999 xx 000 0 und d | ||
| 020 | _a9780307475022 | ||
| 050 | _bS613my 2010 | ||
| 100 | _aSimpson, Mona | ||
| 245 | _aMy hollywood : | ||
| 245 | _ba novel / | ||
| 245 | _cby Mona Simpson. | ||
| 260 | _aUSA : | ||
| 260 | _bVintage Books, | ||
| 260 | _c2010 | ||
| 300 | _a369 pages : | ||
| 300 | _billustrations ; | ||
| 300 | _c20cm. | ||
| 999 |
_c343443 _d343443 |
||